| 000 | 00867cam a22002774a 4500 | ||
|---|---|---|---|
| 008 | |||
| 020 | _a0073137219 (pbk.) | ||
| 049 | 0 | _aMAIN | |
| 090 |
_aHD30.28 _bTHO |
||
| 100 | 1 | _aThompson, Arthur A. | |
| 245 | 1 | 0 |
_aCrafting and executing strategy : _btext and readings / _cArthur A. Thompson, Jr., A.J. Strickland III [and] John E. Gamble. |
| 250 | _a15th ed. | ||
| 260 |
_aBoston : _bMcGraw-Hill/Irwin, _c2007. |
||
| 300 |
_axiv, 657 p. : _bcol. ill. ; _c26 cm. |
||
| 500 | _aIncludes index. | ||
| 504 | _aIncludes bibliographical references. | ||
| 650 | 0 | _aStrategic planning. | |
| 650 | 0 | _aBusiness planning. | |
| 700 | 1 | _aStrickland, A.J. | |
| 700 | 1 | _aGamble, John. | |
| 907 |
_a.b1028560x _b20-03-12 _c01-11-10 |
||
| 003 | |||
| 005 | 20230123125100.0 | ||
| 040 | _cNUST | ||
| 942 |
_cBOOKS _kHD30.28 _mTHO |
||
| 999 |
_c135416 _d135416 |
||